Image Word Wheel II Quiz Stats

 Plays Quiz Updated May 1, 2016

Also try: Image Word Wheel
Challenge
Share
Tweet
Score 0/14 Timer 02:00
3 Plays Today
% Correct
COP
99%
CAP
98.8%
BOW
98%
CAB
97.4%
TOP
96.8%
COB
95.3%
TOW
95.1%
% Correct
TOM
94.8%
MOM
94.4%
MOO
93.7%
TOE
88.6%
BOO
83%
JOE
71.9%
JOB
68.8%

You're not logged in!

Compare scores with friends on all Sporcle quizzes.
Join for Free
OR
Log In

You Might Also Like...

Show Comments

Extras

Top Quizzes Today


Score Distribution

Your Account Isn't Verified!

In order to create a playlist on Sporcle, you need to verify the email address you used during registration. Go to your Sporcle Settings to finish the process.

Report this User

Report this user for behavior that violates our Community Guidelines.

Details: